00166nam a2200073Ia 4500008004100000020000600041100002000047245002500067211105s9999 xx 000 0 und d a" a Wessels, Ina  0aDie steil pad terug